Statistics for Estimation Station #1

Click here to take the quiz!

General Stats

  • This quiz has been taken 27 times
    (23 since last reset)
  • The average score is 8 of 16

Answer Stats

QuestionEstimate% Correct
As of 2021, how many people have walked on the moon?12
100%
How many countries are there in Africa?54
94%
In cubic metres, what is the volume of a 1.9m x 2.5m x 3.1m box?14.725
83%
How many bones are in most adult humans?206
78%
How many years did Queen Victoria reign?63
78%
How many feature films did Hayao Miyazaki both write and direct?11
72%
What is the fastest marathon time in minutes?121
72%
What was the official capacity for the Titanic?3,320
50%
How many metres long is an Olympic swimming pool?50
50%
How many unique ways can six people sit at a round table?120
22%
What is the area, in square feet, of a circular table top that is 12.5 feet across?122.7
22%
How many times larger is the Earth than the moon?13.5
17%
How many moons are there in the Solar System (including provisional moons)?214
17%
How many military and civilian casualties were there in World War I?40 Million
11%
How many years did Old Billy, the oldest horse on record, live?62
11%
How many millions of albums have the Beatles sold worldwide?600 Million
6%

Score Distribution

Percentile by Number Answered

Percent of People with Each Score

Your Score History

You have not taken this quiz since the last reset